00477 a2200121 4500001001000000005001700010008004100027245015300068100002700221700002500248773006500273999001700338ART_1283620260410161909.0260409a 10aLa determinacion del costo de las ventas para su exposición en el cuadro de resultados contables y su relacion con el método de costeo utilizado1 aBottaro, Oscar Eduardo1 aVisconti, Rubén A.0 tCostos y gestióng- Año 14, Nº 54 (dic. 2004)wREV12786 c26664d26664